| 000 | 00654nam a2200193 i 4500 | ||
|---|---|---|---|
| 001 | 103866 | ||
| 003 | ES-MaACL | ||
| 005 | 20230906183448.0 | ||
| 007 | t| | ||
| 008 | 051118s1967 sp ||||1| spa d | ||
| 100 | 1 |
_aMerrien, Jean. _980597 |
|
| 245 | 1 | 0 |
_aVela ligera en 60 lecciones / _cJean Merrien ; ilustrado por Bernard Duval; versión José Mª Prim; prólogo Carlos Pena Cardenal. |
| 260 |
_aBarcelona : _bMarcombo, _c1967. |
||
| 300 |
_a193 p. con 4 lám. : _bil. ; _c25 cm. |
||
| 700 | 1 |
_aDuval, Bernard. _946368 |
|
| 700 | 1 |
_aPena Cardenal, Carlos. _990139 |
|
| 700 | 0 |
_aPrim, José María. _993963 |
|
| 852 |
_aES-MaACL _jC-34012 _bR.64749 |
||
| 999 |
_c103866 _d103866 |
||